000 00563nam a2200217Ia 4500
003 0100
008 130303s9999 xx 000 0 und d
020 _a0820439398
040 _cARRUPELIB
050 _aLB14.7.B76
100 _aBrosio, Richard A.
245 _aPhilosophical Scaffolding for the construction of critical democratic education
260 _aNew York
260 _bPeter Lang
260 _C2000
300 _a365p.
300 _b 22cm
440 _acounterpoints; vol.75
650 _bPapal documents--Bibliography
942 _2lcc
_03
999 _c65337
_d65337